Vainqueurs de la Ligue des champions - Statistiques

Statistiques générales
  • Ce quiz a été pris 242 fois
  • Le résultat moyen est 13 sur 18
Answers on the Grid
Answers color-coded by a green-red scale on the quiz's grid according to % correct below.
Real Madrid
Steaua Bucarest
PSG
Séville
Nottingham Forest
Bayer Leverkusen
VFB Stuttgart
OM
Feyenoord Rotterdam
OL
Celtic Glasgow
Rangers
Panathinaïkos
Hambourg SV
Aston villa
Inter Milan
Bayern Munich
FC Barcelone
Atlético Madrid
AC Milan
Stade de Reims
Liverpool
FC Porto
Sporting
Benfica Lisbonne
Juventus
AS Monaco
LOSC
Chelsea
FC Bale
 
Statistiques - réponses
Réponse % Correct
Real Madrid
100%
PSG
98%
OM
93%
Nottingham Forest
80%
FC Barcelone
79%
Bayern Munich
77%
Inter Milan
77%
AC Milan
75%
Juventus
75%
Chelsea
74%
Liverpool
74%
FC Porto
67%
Benfica Lisbonne
63%
Celtic Glasgow
61%
Aston villa
58%
Steaua Bucarest
54%
Feyenoord Rotterdam
53%
Hambourg SV
46%
Aucun quiz correspondant
Distribution des résultats
% des personnes avec chaque résultat
Percentile par nombre de réponses
Votre historique - résultats
Vous n’avez pas pris ce quiz